Normal view
MARC view
- التطور التاريخي-التناول العلمي الحديث-الاضطرابات النفسية-اضطراب الاكتئاب
Entry Topical Term
001 - CONTROL NUMBER
- control field: 60567
003 - CONTROL NUMBER IDENTIFIER
- control field: JO-AjAnu
005 - DATE AND TIME OF LATEST TRANSACTION
- control field: 20230606083911.0
008 - FIXED-LENGTH DATA ELEMENTS
- fixed length control field: 230606|| aca||aabn | a|a d
040 ## - CATALOGING SOURCE
- Original cataloging agency: JO-AjAnu
- Transcribing agency: JO-AjAnu
150 ## - HEADING--TOPICAL TERM
- Topical term or geographic name entry element: التطور التاريخي-التناول العلمي الحديث-الاضطرابات النفسية-اضطراب الاكتئاب
670 ## - SOURCE DATA FOUND
- Source citation: Work cat.: (JO-AjAnu)30886: بوعود، اسماء, author 60566, الاضطرابات النفسية والعقلية بين التناول السيكولوجي الحديث والتناول النفسي الديني الاسلامي